000 00552nam a2200169Ia 4500
008 090201s9999 xx 000 0 und d
010 _aKPL-42901
040 _bमराठी
041 _aमराठी
082 _a6948
_b42901
100 _aयशवंत पाठक
245 _aब्रम्हगीरीची सावली
_cयशवंत पाठक
260 _c2004
_bमौज प्रकाशन
300 _a187
_bमोठा
600 _aब्रम्हगीरीची सावली
942 _cBOOK
999 _c207730
_d207730